000 00345 a2200121 4500
001 ART_48742
005 20260410162027.0
008 260409a
245 1 0 _aJuzgamiento en ausencia
100 1 _aFiumara, Franco M.
700 1 _aGrappasonno, Nicolás
773 0 _tTemas de derecho procesal
_g- N° 4 (abr. 2019)
_wREV44095
999 _c33675
_d33675